El Còmic a l'escola : (una eina per a l'ensenyament) / per Ricard Calvo (una eina per a l'ensenyament) / per Ricard Calvo
Descripción Física:
61 p. : mecanografiades, il. ; 30 cm
Materias:
Còmics en l'ensenyament
MARC
| LEADER | 00000nam a2200000Ia 4500 | ||
|---|---|---|---|
| 001 | 2190 | ||
| 003 | BGR | ||
| 005 | 20260324175616.0 | ||
| 008 | 160829s9999 xx 000 0 cat d | ||
| 080 | |a E-1-6 | ||
| 100 | |a Calvo, Ricard |9 35014 | ||
| 245 | |a El Còmic a l'escola : |b (una eina per a l'ensenyament) / per Ricard Calvo | ||
| 260 | |a Barcelona : |b Diputació de Barcelona, Servei d'Ensenyament, [1986] | ||
| 300 | |a 61 p. : |b mecanografiades, il. ; |c 30 cm | ||
| 590 | |a Abans del títol, II Escola d'Estiu d'Art, Oficis i Disseny, juliol 86. A peu de coberta: Col·labora el col·lectiu d'escoles públiques d'Art, disseny de la provincia de Barcelona | ||
| 650 | |a Còmics en l'ensenyament |9 34048 | ||
| 710 | 1 | |a Barcelona (Catalunya : Província). |b Servei d'Ensenyament |9 54959 | |
| 711 | |a Escola d'Estiu d'Art, Oficis i Disseny |9 70775 |c (Barcelona : |d 1986) | ||
| 901 | |a Arxiu | ||
| 942 | |n 1 |2 udc |c MON | ||
| 952 | |0 0 |1 0 |4 0 |6 E16 |7 1 |9 46731 |a Arxiu |b Arxiu |d 2016-12-01 |l 0 |o E-1-6 |p 2190 |r 2016-12-01 00:00:00 |w 2016-12-01 |y ARXIU | ||
| 999 | |c 50524 |d 50524 | ||